Adminitrata Publike dhe Kontrolli i saj (Aspekti Krahasimor) (Record no. 54896)
[ view plain ]
| 000 -LEADER | |
|---|---|
| fixed length control field | 00342nam a22001337a 4500 |
| 008 - FIXED-LENGTH DATA ELEMENTS--GENERAL INFORMATION | |
| fixed length control field | 190621b ||||| |||| 00| 0 eng d |
| 020 ## - INTERNATIONAL STANDARD BOOK NUMBER | |
| International Standard Book Number | 9789951678117 |
| 041 ## - LANGUAGE CODE | |
| Language code of text/sound track or separate title | alb |
| 080 ## - UNIVERSAL DECIMAL CLASSIFICATION NUMBER | |
| Universal Decimal Classification number | 341 |
| 100 ## - Rafti | |
| Rafti | 0 |
| 101 ## - Shkurtesa | |
| Shkurtesa | SHJ |
| 245 ## - TITLE STATEMENT | |
| Title | Adminitrata Publike dhe Kontrolli i saj (Aspekti Krahasimor) |
| Statement of responsibility, etc | Berisha, F & Hajdari, P |
| 942 ## - ADDED ENTRY ELEMENTS (KOHA) | |
| Source of classification or shelving scheme | |
| Item type | Books |
| Withdrawn status | Lost status | Source of classification or shelving scheme | Damaged status | Not for loan | Collection code | Permanent location | Current location | Shelving location | Date acquired | Total Checkouts | Full call number | Barcode | Date last seen | Price effective from | Koha item type |
|---|---|---|---|---|---|---|---|---|---|---|---|---|---|---|---|
| Koleksioni i përgjithshem | UBT - Prishtine | UBT - Prishtine | Koleksioni i përgjithshem | 06/21/2019 | 341 BER | 002-3023268 | 06/21/2019 | 06/21/2019 | Books | ||||||
| Koleksioni i përgjithshem | UBT - Prishtine | UBT - Prishtine | Koleksioni i përgjithshem | 06/21/2019 | 341 BER | 002-3023274 | 06/21/2019 | 06/21/2019 | Books | ||||||
| Koleksioni i përgjithshem | UBT - Prishtine | UBT - Prishtine | Koleksioni i përgjithshem | 06/21/2019 | 341 BER | 002-3023269 | 06/21/2019 | 06/21/2019 | Books | ||||||
| Koleksioni i përgjithshem | UBT - Prishtine | UBT - Prishtine | Koleksioni i përgjithshem | 06/21/2019 | 341 BER | 002-3023239 | 06/21/2019 | 06/21/2019 | Books |